[Event "Campeonato Absoluto de Gipuzkoa 2011"]
[Site "Donostia"]
[Date "2011.11.12"]
[Round "6"]
[Board "1"]
[White "Ezpeleta Pradera, Juan Francisc"]
[Black "Uriarte Prieto, Goyo"]
[Result "0-1"]
[WhiteElo "2096"]
[BlackElo "2017"]
[PlyCount "0"]
[EventDate "2011.10.08"]
[EventRounds "7"]
[EventCountry "ESP"]

1. e4 e6 2. d3 d5 3. Nd2 c5 4. Ngf3 Nc6 5. g3 g6 6. Bg2 Bg7 7. O-O Nge7 8. Re1
b6 9. a3 a5 10. Rb1 Ra7 11. e5 Qc7 12. Qe2 g5 13. Nxg5 Qxe5 14. Qxe5 Nxe5 15.
Nf1 O-O 16. Nh3 Nf5 17. Bf4 Ng6 18. Bd2 Ba6 19. Bc3 Nd4 20. Rbc1 c4 21. Bxd4
Bxd4 22. c3 Bg7 23. dxc4 Bxc4 24. f4 Rd7 25. Ne3 Bb3 26. Nc2 e5 27. fxe5 Nxe5
28. Nf2 Nc4 29. Na1 Ba2 30. Re2 a4 31. Nd3 Bh6 32. Nf4 d4 33. Bc6 Rd6 34. Bxa4
d3 35. Nxd3 Rxd3 36. Rce1 Nd2 37. Kf2 Bd5 38. Bc2 Rf3+ 39. Kg1 Nc4 40. Be4 Be3+
41. Rxe3 Rxe3 0-1

[Event "Campeonato Absoluto de Gipuzkoa 2011"]
[Site "Donostia"]
[Date "2011.11.12"]
[Round "6"]
[Board "1"]
[White "Ruiz Martinez, Isidro"]
[Black "Guijarro Galan, Jose Luis"]
[Result "1/2-1/2"]
[WhiteElo "2014"]
[BlackElo "2177"]
[PlyCount "0"]
[EventDate "2011.10.08"]
[EventRounds "7"]
[EventCountry "ESP"]

1. e4 c5 2. Nf3 e6 3. d4 cxd4 4. Nxd4 a6 5. Nc3 Nc6 6. Be3 Qc7 7. Be2 Nf6 8.
O-O Bb4 9. Na4 O-O 10. a3 Bd6 11. Nxc6 bxc6 12. f4 Nxe4 13. Bb6 Qb8 14. Qd4 f5
15. Bd3 Bxf4 16. Bxe4 Bxh2+ 17. Kh1 Be5 18. Qe3 fxe4 19. Rxf8+ Kxf8 20. Rf1+
Kg8 21. Qg5 Bb7 22. Nc5 h6 23. Qh5 Bxb2 24. Qf7+ Kh8 25. Qxd7 Qe8 26. Qxe8+
Rxe8 27. Nxb7 Bxa3 28. Na5 Bd6 29. Nc4 Bg3 30. Ra1 Rf8 31. Kg1 Rf4 32. Be3 Rf5
33. Rxa6 Rb5 34. Kf1 Rb1+ 35. Ke2 Rh1 36. Bf2 Bf4 37. Rxc6 Rh2 38. Ne3 Bxe3 39.
Kxe3 Rxg2 40. Rxe6 h5 41. c4 Kg8 42. c5 Kf7 43. Rxe4 Rg6 44. Kd4 Rg2 45. Be1
Rc2 46. Kd5 g5 47. Kd6 h4 48. c6 h3 49. Bg3 h2 50. Re1 Rd2+ 51. Kc5 Rg2 52.
Bxh2 Rxh2 53. c7 Rc2+ 54. Kb6 Kf6 1/2-1/2

[Event "Campeonato Absoluto de Gipuzkoa 2011"]
[Site "Donostia"]
[Date "2011.11.12"]
[Round "6"]
[Board "1"]
[White "Irure Crespo, Egoitz"]
[Black "Etxagibel Larranaga, Asier"]
[Result "0-1"]
[WhiteElo "1993"]
[BlackElo "2029"]
[PlyCount "0"]
[EventDate "2011.10.08"]
[EventRounds "7"]
[EventCountry "ESP"]

1. d4 d5 2. Nf3 Nf6 3. c4 c6 4. cxd5 cxd5 5. Nc3 e6 6. Bf4 a6 7. e3 b5 8. a3
Bb7 9. Ne5 Nbd7 10. Be2 Be7 11. O-O O-O 12. b4 Rc8 13. Qb3 Nxe5 14. Bxe5 Nd7
15. Rac1 Nxe5 16. dxe5 Qb6 17. Bf3 Rc4 18. Be2 Rcc8 19. Na2 d4 20. Rxc8 Rxc8
21. Rc1 Rxc1+ 22. Nxc1 Qc6 0-1

[Event "Campeonato Absoluto de Gipuzkoa 2011"]
[Site "Donostia"]
[Date "2011.11.12"]
[Round "6"]
[Board "1"]
[White "Gonzalez Blanco, Aitor"]
[Black "Rodriguez Cabrera, Fco  Javier"]
[Result "0-1"]
[WhiteElo "2025"]
[BlackElo "1954"]
[PlyCount "0"]
[EventDate "2011.10.08"]
[EventRounds "7"]
[EventCountry "ESP"]

1. e4 c5 2. Nf3 d6 3. d4 cxd4 4. Nxd4 Nf6 5. Nc3 a6 6. Be2 e6 7. a4 Nc6 8. O-O
Be7 9. Nxc6 bxc6 10. Bf4 e5 11. Bg3 a5 12. b3 O-O 13. Kh1 Re8 14. f4 Qc7 15.
fxe5 dxe5 16. Bc4 Bb4 17. Na2 Bc5 18. Bh4 Be7 19. Bxf7+ Kxf7 20. Qh5+ Kg8 21.
Bxf6 Ba6 22. Bxe5 Bd6 23. Bxd6 Qxd6 24. Qf7+ Kh8 25. Rad1 Qa3 26. Rd7 Rg8 27.
Ra1 Raf8 28. Qh5 Qxa2 29. Rg1 Qxc2 30. Qxa5 Bd3 31. Qe5 Bxe4 32. b4 Qxg2+ 0-1

[Event "Campeonato Absoluto de Gipuzkoa 2011"]
[Site "Donostia"]
[Date "2011.11.12"]
[Round "6"]
[Board "1"]
[White "Arana Garate, Jon"]
[Black "Ros Eskisabel, Jose Ramon"]
[Result "1/2-1/2"]
[WhiteElo "1931"]
[BlackElo "2132"]
[PlyCount "0"]
[EventDate "2011.10.08"]
[EventRounds "7"]
[EventCountry "ESP"]

1. d4 Nf6 2. Bg5 Ne4 3. Bh4 c5 4. e3 Qb6 5. Nc3 Nxc3 6. bxc3 d5 7. Qb1 Qa5 8.
Qb5+ Nc6 9. Qxa5 Nxa5 10. Nf3 f6 11. Bg3 e6 12. Nd2 Nc6 13. a3 Bd7 14. Be2 Rc8
15. O-O Kf7 16. Rfb1 Na5 17. Nb3 Nxb3 18. cxb3 cxd4 19. cxd4 Be7 20. a4 Rc2 21.
Bd1 Rc3 22. Rc1 Rhc8 23. Rxc3 Rxc3 24. Kf1 Bb4 25. Rb1 Ke7 26. Ke2 a5 27. f4
Rc7 28. Be1 Bxe1 29. Kxe1 Kd6 30. Kd2 e5 31. Rc1 Rxc1 32. Kxc1 h6 33. Kd2 g5
34. fxe5+ fxe5 35. Kc3 Bf5 1/2-1/2

[Event "Campeonato Absoluto de Gipuzkoa 2011"]
[Site "Donostia"]
[Date "2011.11.12"]
[Round "6"]
[Board "1"]
[White "Sanchez Ruesga, Hector"]
[Black "Galarza Cenzano, Inigo"]
[Result "0-1"]
[WhiteElo "1897"]
[BlackElo "2006"]
[PlyCount "0"]
[EventDate "2011.10.08"]
[EventRounds "7"]
[EventCountry "ESP"]

1. d4 Nf6 2. Nf3 e6 3. g3 c5 4. Bg2 Nc6 5. O-O Qb6 6. e3 d5 7. b3 cxd4 8. exd4
Be7 9. c4 O-O 10. c5 Qd8 11. a3 a5 12. Nc3 b6 13. cxb6 Ba6 14. Re1 Qxb6 15. Na4
Qa7 16. Bb2 Rab8 17. Rc1 Qb7 18. Nd2 Nd7 19. f4 Bf6 20. Nf3 Rfc8 21. Re3 Na7
22. Rec3 Rxc3 23. Rxc3 Nb5 24. Rc2 Nd6 25. Nc5 Nxc5 26. dxc5 Bxb2 27. cxd6 Bxa3
28. Rc7 Qb6+ 29. Qd4 Bxd6 30. Qxb6 Rxb6 31. Ra7 h6 32. Bf1 Bxf1 33. Kxf1 Rxb3
34. Nd4 Rd3 35. Nc6 Rd2 36. Nd8 Rxh2 37. Nxf7 Rf2+ 38. Kxf2 Bc5+ 39. Ke2 Bxa7
40. Nd8 a4 41. Kd3 Bf2 42. g4 a3 43. Kc2 d4 44. Nc6 d3+ 0-1

[Event "Campeonato Absoluto de Gipuzkoa 2011"]
[Site "Donostia"]
[Date "2011.11.12"]
[Round "6"]
[Board "1"]
[White "Alvarado Fernandez, Mikel"]
[Black "Fernandez Zubitur, Jokin"]
[Result "1-0"]
[WhiteElo "2003"]
[BlackElo "1928"]
[PlyCount "0"]
[EventDate "2011.10.08"]
[EventRounds "7"]
[EventCountry "ESP"]

1. d4 Nf6 2. c4 e6 3. Nc3 b6 4. Bg5 Be7 5. e3 Bb7 6. Nf3 Ne4 7. Bxe7 Qxe7 8.
Qc2 Nxc3 9. bxc3 d5 10. cxd5 exd5 11. g3 O-O 12. Bg2 Ba6 13. Ne5 c6 14. a4 Qd6
15. Nd3 Nd7 16. O-O Nf6 17. Rfb1 c5 18. Ne5 cxd4 19. cxd4 Rac8 20. Qb2 Nd7 21.
Bh3 f5 22. a5 bxa5 23. Nxd7 Qxd7 24. Rxa5 Bd3 25. Rc1 Rxc1+ 26. Qxc1 Rb8 27.
Ra1 a5 28. Bg2 Qb5 29. h4 a4 30. Qc7 Bc4 31. Rxa4 Qxa4 32. Qxb8+ Kf7 33. Qc7+
1-0

[Event "Campeonato Absoluto de Gipuzkoa 2011"]
[Site "Donostia"]
[Date "2011.11.12"]
[Round "6"]
[Board "1"]
[White "D Anna Razzetti, Juan Pablo"]
[Black "Beitia Amador-Carrandi, Ernesto"]
[Result "1-0"]
[WhiteElo "1871"]
[BlackElo "1968"]
[PlyCount "0"]
[EventDate "2011.10.08"]
[EventRounds "7"]
[EventCountry "ESP"]

1. d4 Nf6 2. c4 e6 3. Nc3 Bb4 4. e3 O-O 5. Bd3 c5 6. Nf3 d5 7. O-O Nc6 8. cxd5
exd5 9. dxc5 Bxc5 10. h3 Re8 11. Re1 a6 12. a3 Ba7 13. b4 d4 14. exd4 Rxe1+ 15.
Qxe1 Nxd4 16. Nxd4 Bxd4 17. Bb2 Bxc3 18. Qxc3 Be6 19. Rd1 Qe7 20. Qe5 Rd8 21.
Bd4 Rd5 22. Qb8+ Ne8 23. Be4 Rd7 24. Rd2 Rd8 25. Qxb7 Qxb7 26. Bxb7 Nc7 27. Be3
Rxd2 28. Bxd2 Bc4 29. f3 Bb5 30. Kf2 Ne6 31. Ke3 Kf8 32. Ke4 Ke7 33. f4 Bf1 34.
Ke3 Nd8 35. Be4 h6 36. Kd4 Kd6 37. Bc3 Nc6+ 38. Ke3 f6 39. h4 Ne7 40. Bd4 Nd5+
41. Kf2 Bc4 42. g3 Ne7 43. Bc5+ Ke6 44. Bxe7 Kxe7 45. Ke3 Kd6 46. Kd4 Bb5 47.
Bc2 Bd7 48. a4 g5 49. hxg5 hxg5 50. fxg5 fxg5 51. Bd3 Bc8 52. Be4 Bg4 53. Bb7
Be2 54. Ke4 Ke6 55. Bc8+ Kf6 56. Kd5 Bf1 57. Kc5 Ke5 58. Kb6 Ke4 59. Bxa6 Bh3
60. Be2 Ke3 61. Bh5 Kf2 62. g4 Ke3 63. a5 Kd4 64. a6 Bg2 65. Be8 Bf3 66. Bc6
Bxg4 67. a7 1-0

[Event "Campeonato Absoluto de Gipuzkoa 2011"]
[Site "Donostia"]
[Date "2011.11.12"]
[Round "6"]
[Board "1"]
[White "Nogues Fernandez, Ramon"]
[Black "Paredes Macarro, Manuel"]
[Result "1/2-1/2"]
[WhiteElo "1939"]
[BlackElo "1884"]
[PlyCount "0"]
[EventDate "2011.10.08"]
[EventRounds "7"]
[EventCountry "ESP"]

1. d4 d5 2. c4 c6 3. Nc3 Nf6 4. Nf3 Bg4 5. e3 e6 6. Qb3 Qc7 7. Bd3 Nbd7 8. Nd2
Bd6 9. f4 g6 10. O-O Bf5 11. e4 dxe4 12. Ndxe4 Bxe4 13. Nxe4 Nxe4 14. Bxe4 Nf6
15. Bf3 O-O 16. g3 h5 17. Qc3 Be7 18. Kg2 Rac8 19. Be3 b5 20. b3 b4 21. Qe1 a5
22. Bg1 Rfd8 23. Rd1 Rd7 24. Qe5 Qd8 25. Rd3 Bd6 26. Qe2 Qc7 27. Be3 Rcd8 28.
Rfd1 Be7 29. Bc1 Bd6 30. Bb2 Ne8 31. Ba1 Bf8 32. d5 cxd5 33. cxd5 exd5 34. Bxd5
Bg7 35. Bxg7 Nxg7 36. Qe4 Nf5 37. Qc4 Qxc4 38. bxc4 Kf8 39. Kf3 Rc7 40. a3 bxa3
41. Ra1 Rdc8 42. Raxa3 Nd6 43. Rxa5 Nxc4 44. Bxc4 Rxc4 45. h4 Rc3 46. Rad5
Rxd3+ 47. Rxd3 Kg7 48. g4 hxg4+ 49. Kxg4 Rc1 50. Rd7 Rg1+ 51. Kf3 Rf1+ 52. Kg4
Rg1+ 53. Kf3 Rf1+ 54. Kg4 Rg1+ 1/2-1/2

[Event "Campeonato Absoluto de Gipuzkoa 2011"]
[Site "Donostia"]
[Date "2011.11.12"]
[Round "6"]
[Board "1"]
[White "Tung, Siu Hung"]
[Black "Cantabrana Garona, Alejandro"]
[Result "1-0"]
[WhiteElo "1938"]
[BlackElo "1812"]
[PlyCount "0"]
[EventDate "2011.10.08"]
[EventRounds "7"]
[EventCountry "ESP"]

1. e4 d6 2. d4 g6 3. Be3 Bg7 4. Nc3 c6 5. f4 d5 6. e5 h5 7. Nf3 Bg4 8. Bd3 Nh6
9. h3 Nf5 10. Bf2 Bxf3 11. Qxf3 e6 12. g4 hxg4 13. hxg4 Rxh1+ 14. Qxh1 Nh6 15.
Qh3 Nd7 16. Bh4 Qb6 17. O-O-O Bf8 18. Bg5 Ng8 19. f5 Be7 20. Bxe7 Nxe7 21. fxe6
fxe6 22. Qh8+ Nf8 23. Rf1 Kd7 24. Rxf8 Rxf8 25. Qxf8 Qxd4 26. Qf6 Qxg4 27. Ne2
g5 28. b3 b5 29. Kb2 a6 30. Qf2 Nc8 31. a3 Qh4 32. Qe3 g4 33. Qf4 c5 34. Ng3 c4
35. Be2 a5 36. b4 axb4 37. axb4 Qe7 38. c3 Qh4 39. Bd1 Ne7 40. Bc2 Nc6 41. Qf7+
Ne7 42. Nh5 d4 43. Nf6+ Kc6 44. Qxe6+ 1-0

[Event "Campeonato Absoluto de Gipuzkoa 2011"]
[Site "Donostia"]
[Date "2011.11.12"]
[Round "6"]
[Board "1"]
[White "Puga Senar, Fernando"]
[Black "Iglesias Gonzalez, Veronica"]
[Result "1-0"]
[WhiteElo "1771"]
[BlackElo "1786"]
[PlyCount "0"]
[EventDate "2011.10.08"]
[EventRounds "7"]
[EventCountry "ESP"]

1. d4 d5 2. c4 c6 3. Nc3 Nf6 4. cxd5 cxd5 5. Bf4 Nh5 6. e3 Nxf4 7. exf4 e6 8.
Nf3 Bd6 9. Ne5 O-O 10. Bd3 f6 11. Qh5 f5 12. O-O Nd7 13. Rac1 Nf6 14. Qe2 a6
15. Na4 Ne4 16. f3 Qa5 17. b3 Bxe5 18. dxe5 b5 19. fxe4 fxe4 20. Bxe4 bxa4 21.
Bd3 axb3 22. Qh5 h6 23. Qg6 Rd8 24. Qh7+ Kf8 25. Bg6 1-0

[Event "Campeonato Absoluto de Gipuzkoa 2011"]
[Site "Donostia"]
[Date "2011.11.12"]
[Round "6"]
[Board "1"]
[White "Izagirre Alsua, Aritz"]
[Black "Mendia Rezola, Jokin"]
[Result "1-0"]
[WhiteElo "1781"]
[BlackElo "1676"]
[PlyCount "0"]
[EventDate "2011.10.08"]
[EventRounds "7"]
[EventCountry "ESP"]

1. e4 e5 2. Nf3 Nc6 3. Bc4 Bc5 4. d3 d6 5. c3 Be6 6. Bb5 Nge7 7. Nbd2 O-O 8.
O-O Bg4 9. h3 Bh5 10. Bc4 Kh8 11. a4 a5 12. g4 Bg6 13. Nh4 Qd7 14. Qe2 h6 15.
Ndf3 Bh7 16. Nf5 Nxf5 17. exf5 Ne7 18. Be3 Ba7 19. Bb3 c6 20. Nd2 d5 21. Bxa7
Rxa7 22. Qxe5 Nxf5 23. gxf5 Bxf5 24. Kh2 Bxh3 25. Rg1 f6 26. Qe3 Bf5 27. Qxa7
Qd6+ 28. Rg3 h5 29. Qd4 g5 30. Kg2 h4 31. Rxg5 h3+ 32. Kh1 c5 33. Qh4+ Bh7 34.
Rh5 Qc6 1-0

[Event "Campeonato Absoluto de Gipuzkoa 2011"]
[Site "Donostia"]
[Date "2011.12.03"]
[Round "7"]
[Board "1"]
[White "Etchegaray, Patrice"]
[Black "Uriarte Prieto, Goyo"]
[Result "1/2-1/2"]
[WhiteElo "2419"]
[BlackElo "2017"]
[PlyCount "0"]
[EventDate "2011.10.08"]
[EventRounds "7"]
[EventCountry "ESP"]

1. e4 e6 2. d4 d5 3. e5 c5 4. c3 Nc6 5. Nf3 Qb6 6. Be2 Nh6 7. Bxh6 gxh6 8. Qd2
Bg7 9. O-O O-O 10. Na3 cxd4 11. cxd4 Bd7 12. Nc2 f6 13. exf6 Rxf6 14. b4 Be8
15. b5 Ne7 16. Ne5 Ng6 17. Ng4 Rf8 18. g3 h5 19. Nge3 Ne7 20. a4 Bg6 21. a5 Qd8
22. Rfd1 Bh6 23. f4 h4 1/2-1/2

[Event "Campeonato Absoluto de Gipuzkoa 2011"]
[Site "Donostia"]
[Date "2011.12.03"]
[Round "7"]
[Board "1"]
[White "Hernandez, Elvis"]
[Black "Argandona Riveiro, Inigo"]
[Result "1/2-1/2"]
[WhiteElo "2303"]
[BlackElo "2387"]
[PlyCount "0"]
[EventDate "2011.10.08"]
[EventRounds "7"]
[EventCountry "ESP"]

1. e4 d6 2. Bc4 Nf6 3. d3 c6 4. Bb3 Nbd7 5. c3 e5 6. Nf3 Be7 7. O-O O-O 8. Re1
Nc5 9. Bc2 Bg4 10. d4 Ne6 11. dxe5 Bxf3 12. Qxf3 dxe5 13. Nd2 Qc7 14. g3 Kh8
15. Nc4 Ng8 16. a4 g6 17. Be3 b6 18. b4 Rae8 1/2-1/2

[Event "Campeonato Absoluto de Gipuzkoa 2011"]
[Site "Donostia"]
[Date "2011.12.03"]
[Round "7"]
[Board "1"]
[White "Olaizola Ortega, Luis"]
[Black "Segovia Sanchez, Antonio"]
[Result "1-0"]
[WhiteElo "2217"]
[BlackElo "2006"]
[PlyCount "0"]
[EventDate "2011.10.08"]
[EventRounds "7"]
[EventCountry "ESP"]

1. c4 e6 2. Nf3 Nf6 3. g3 d5 4. Bg2 c6 5. O-O Nbd7 6. d4 Be7 7. Nbd2 O-O 8. Qc2
b5 9. b3 Ba6 10. c5 b4 11. Re1 Bb5 12. a4 bxa3 13. Rxa3 Qc7 14. Bb2 Rfb8 15.
Bc3 Bf8 16. e4 Nxe4 17. Nxe4 dxe4 18. Qxe4 Nf6 19. Qe5 Qe7 20. Rea1 Nd5 21. Qe1
g6 22. Ne5 Bg7 23. Bd2 Rb7 24. Bf1 Nc7 25. Ba5 Bxf1 26. Bxc7 Bh3 27. Bd6 Qf6
28. Qe4 1-0

[Event "Campeonato Absoluto de Gipuzkoa 2011"]
[Site "Donostia"]
[Date "2011.12.03"]
[Round "7"]
[Board "1"]
[White "Rodriguez Cabrera, Fco  Javier"]
[Black "Ruiz Martinez, Isidro"]
[Result "0-1"]
[WhiteElo "1954"]
[BlackElo "2014"]
[PlyCount "0"]
[EventDate "2011.10.08"]
[EventRounds "7"]
[EventCountry "ESP"]

1. e4 e5 2. d4 exd4 3. Qxd4 Qf6 4. Qd3 Nc6 5. Nf3 Bc5 6. Nc3 Nge7 7. Be3 Nb4 8.
Qd2 Bxe3 9. fxe3 O-O 10. e5 Qb6 11. O-O-O d5 12. exd6 cxd6 13. Bc4 Bf5 14. Nd4
Rac8 15. Bb3 Bg6 16. g4 Nec6 17. Nf5 d5 18. a3 Qa6 19. axb4 Qa1+ 20. Nb1 a5 21.
Qxd5 a4 22. Bc4 Nxb4 23. Qb5 Bxf5 24. gxf5 Rxc4 25. Qxc4 Na2+ 26. Kd2 Qxb2 27.
Ke2 b5 28. Qd4 Qxc2+ 29. Rd2 Nc1+ 30. Kf2 Qxf5+ 31. Ke1 Qxb1 32. Rd1 Qc2 33.
Rg1 Qe2+ 0-1

[Event "Campeonato Absoluto de Gipuzkoa 2011"]
[Site "Donostia"]
[Date "2011.12.03"]
[Round "7"]
[Board "1"]
[White "Guijarro Galan, Jose Luis"]
[Black "Alvarado Fernandez, Mikel"]
[Result "1-0"]
[WhiteElo "2177"]
[BlackElo "2003"]
[PlyCount "0"]
[EventDate "2011.10.08"]
[EventRounds "7"]
[EventCountry "ESP"]

1. e4 d5 2. exd5 Qxd5 3. Nc3 Qd6 4. g3 Nf6 5. Bg2 c6 6. d4 Bf5 7. Nf3 Nd5 8.
O-O Nxc3 9. bxc3 e6 10. Rb1 Qc7 11. Bf4 Qc8 12. Ne5 Be7 13. h4 h5 14. Re1 Nd7
15. Nc4 Bg4 16. Qd2 O-O 17. Na5 Nb6 18. Be4 Bf6 19. Bg5 Bxg5 20. Qxg5 Qc7 21.
c4 Rab8 22. Qf4 Qxf4 23. gxf4 Rfd8 24. c3 Kf8 25. c5 Na4 26. Re3 Bf5 27. Bxf5
exf5 28. Rb4 Nxc5 29. dxc5 b6 30. Nxc6 Rd1+ 31. Kg2 Rc8 32. cxb6 axb6 33. Rxb6
Rd6 34. Ne7 Rxb6 35. Nxc8 Rc6 36. Ne7 Ra6 37. Nxf5 Rxa2 38. Nd6 1-0

[Event "Campeonato Absoluto de Gipuzkoa 2011"]
[Site "Donostia"]
[Date "2011.12.03"]
[Round "7"]
[Board "1"]
[White "Galarza Cenzano, Inigo"]
[Black "Tung, Siu Hung"]
[Result "1-0"]
[WhiteElo "2006"]
[BlackElo "1938"]
[PlyCount "0"]
[EventDate "2011.10.08"]
[EventRounds "7"]
[EventCountry "ESP"]

1. e4 d6 2. d4 Nf6 3. Nc3 Nbd7 4. Nf3 e5 5. Bc4 Be7 6. O-O c6 7. a4 O-O 8. Ba2
Qc7 9. Re1 b6 10. Nh4 Re8 11. Nf5 Bf8 12. d5 Bb7 13. dxc6 Bxc6 14. Nb5 Bxb5 15.
axb5 Nc5 16. Bd5 Nxd5 17. Qxd5 Ne6 18. c3 Qd7 19. Be3 g6 20. Ng3 Rec8 21. Red1
Nc7 22. Qxe5 Nxb5 23. Qd5 Nc7 24. Qd3 Qc6 25. h4 h5 26. Bg5 Ne6 27. Bf6 Nf4 28.
Qf3 Ne6 29. Rd5 Ng7 30. Rad1 Re8 31. Bxg7 Bxg7 32. Rxd6 Qc4 33. Rd7 a5 34. Rb7
Rab8 35. Rdd7 Rxb7 36. Rxb7 b5 37. Rd7 a4 38. Qd3 Qb3 39. Qd5 Qxd5 40. Rxd5 b4
41. Ra5 a3 42. bxa3 bxc3 43. Rc5 Ra8 44. e5 Rxa3 45. Ne4 c2 46. Rc8+ Kh7 47.
Ng5+ Kh6 48. Nxf7+ Kh7 49. Rxc2 Kg8 50. e6 Ra1+ 51. Kh2 Re1 52. Rc8+ Bf8 53.
Ng5 Kg7 54. Rc7+ Kg8 55. Rd7 Bc5 56. f3 Re2 57. Ne4 Be3 58. Nf6+ 1-0

[Event "Campeonato Absoluto de Gipuzkoa 2011"]
[Site "Donostia"]
[Date "2011.12.03"]
[Round "7"]
[Board "1"]
[White "Ros Eskisabel, Jose Ramon"]
[Black "D Anna Razzetti, Juan Pablo"]
[Result "1/2-1/2"]
[WhiteElo "2132"]
[BlackElo "1871"]
[PlyCount "0"]
[EventDate "2011.10.08"]
[EventRounds "7"]
[EventCountry "ESP"]

1. e4 c5 2. Nf3 g6 3. d4 cxd4 4. Nxd4 Bg7 5. c4 Nc6 6. Be3 Nf6 7. Nc3 O-O 8.
Be2 d6 9. O-O e6 10. Qd2 Qe7 11. Rfd1 Rd8 12. Nc2 b6 13. Rac1 Bb7 14. f3 Rd7
15. Bg5 Rad8 16. Qf4 d5 17. cxd5 exd5 18. Nxd5 Nxd5 19. Rxd5 f6 20. Bc4 Kh8 21.
Bh6 Ne5 22. Bxg7+ Kxg7 23. Rxd7 Rxd7 24. Bf1 Qc5+ 25. Ne3 Qb4 26. Ng4 Nxg4 27.
Qxg4 Qd2 28. Qe6 Ba6 1/2-1/2

[Event "Campeonato Absoluto de Gipuzkoa 2011"]
[Site "Donostia"]
[Date "2011.12.03"]
[Round "7"]
[Board "1"]
[White "Arana Garate, Jon"]
[Black "Ezpeleta Pradera, Juan Francisc"]
[Result "0-1"]
[WhiteElo "1931"]
[BlackElo "2096"]
[PlyCount "0"]
[EventDate "2011.10.08"]
[EventRounds "7"]
[EventCountry "ESP"]

1. d4 Nf6 2. Nf3 c5 3. c3 e6 4. Bf4 Nc6 5. e3 d5 6. Bd3 Be7 7. Nbd2 O-O 8. Ne5
Qb6 9. Qb1 cxd4 10. exd4 h6 11. O-O Nh5 12. Be3 Bg5 13. Ndf3 Bxe3 14. fxe3 Nf6
15. Qc2 Bd7 16. Rf2 Rac8 17. Qe2 Be8 18. Raf1 Ne4 19. Nxc6 Bxc6 20. Bxe4 dxe4
21. Nd2 Qxb2 22. c4 Qc3 23. Nb3 a6 24. Rc1 Qb4 25. Qg4 f5 26. Qf4 b6 27. Qe5
Rce8 28. c5 Bd5 29. c6 Bxb3 30. Rb2 Qa3 31. d5 Bxd5 32. c7 Qxe3+ 33. Rf2 Qa3
34. Rb1 Bb3 0-1

[Event "Campeonato Absoluto de Gipuzkoa 2011"]
[Site "Donostia"]
[Date "2011.12.03"]
[Round "7"]
[Board "1"]
[White "Paredes Macarro, Manuel"]
[Black "Irure Crespo, Egoitz"]
[Result "1/2-1/2"]
[WhiteElo "1884"]
[BlackElo "1993"]
[PlyCount "0"]
[EventDate "2011.10.08"]
[EventRounds "7"]
[EventCountry "ESP"]

1. e4 e6 2. d4 d5 3. Bd3 dxe4 4. Bxe4 Nf6 5. Bf3 Be7 6. Ne2 O-O 7. O-O c5 8. c3
Qb6 9. Qc2 Bd7 10. Be3 Bc6 11. Nd2 Nd5 12. Nc4 Nxe3 13. fxe3 Qc7 14. Ne5 Bd6
15. Bxc6 Nxc6 16. Nxc6 bxc6 17. Nf4 Qe7 18. Rf3 f5 19. Raf1 g5 20. Nd3 g4 21.
Rf4 Bxf4 22. Rxf4 cxd4 23. exd4 Rf6 24. Ne5 c5 25. Qf2 Rh6 26. dxc5 Rd8 27. Rd4
Rxd4 28. cxd4 Qg5 29. g3 Qc1+ 30. Kg2 Qb1 31. Qd2 Qe4+ 32. Kg1 Qb1+ 33. Kg2
Qe4+ 34. Kg1 Qb1+ 1/2-1/2

[Event "Campeonato Absoluto de Gipuzkoa 2011"]
[Site "Donostia"]
[Date "2011.12.03"]
[Round "7"]
[Board "1"]
[White "Garro Beraza, Julen"]
[Black "Izagirre Alsua, Aritz"]
[Result "0-1"]
[WhiteElo "1990"]
[BlackElo "1781"]
[PlyCount "0"]
[EventDate "2011.10.08"]
[EventRounds "7"]
[EventCountry "ESP"]

1. e4 c5 2. Nf3 a6 3. d4 cxd4 4. Nxd4 d6 5. Nc3 Nf6 6. f3 e5 7. Nb3 Be6 8. Be3
Nbd7 9. Qd2 b5 10. O-O-O Rc8 11. Kb1 Nb6 12. Qf2 Nfd7 13. Na5 Rxc3 14. bxc3 Na4
15. Nb3 Nxc3+ 16. Kc1 Nxd1 17. Kxd1 Qc7 18. g3 Be7 19. Bd3 O-O 20. Ke2 f5 21.
Rd1 fxe4 22. Bxe4 Nf6 23. Bb6 Qc8 24. Qe3 Nxe4 25. Qxe4 Kh8 26. Rc1 Bf5 27. Qe3
Qc4+ 28. Kd2 h6 29. h4 Re8 30. Ba5 d5 31. c3 Qa4 32. Ra1 d4 33. cxd4 exd4 34.
Qf4 Bg6 35. h5 Bg5 0-1

[Event "Campeonato Absoluto de Gipuzkoa 2011"]
[Site "Donostia"]
[Date "2011.12.03"]
[Round "7"]
[Board "1"]
[White "Galarraga Lasa, Jon Gurutz"]
[Black "Gonzalez Blanco, Aitor"]
[Result "0-1"]
[WhiteElo "1853"]
[BlackElo "2025"]
[PlyCount "0"]
[EventDate "2011.10.08"]
[EventRounds "7"]
[EventCountry "ESP"]

1. Nf3 d5 2. d4 Nf6 3. Bf4 c6 4. e3 Bg4 5. Nbd2 e6 6. Bd3 Bd6 7. Bxd6 Qxd6 8.
c3 Nbd7 9. Qc2 a5 10. a3 e5 11. dxe5 Nxe5 12. Nxe5 Qxe5 13. Nf3 Qe7 14. Nd4 O-O
15. O-O c5 16. Nf5 Qe5 17. Ng3 Bd7 18. Rae1 b5 19. f4 Qc7 20. e4 c4 21. Be2
Qc5+ 22. Kh1 dxe4 23. Nxe4 Nxe4 24. Qxe4 Rfe8 25. Qf3 Bc6 26. Qg3 Re3 27. Bf3
Rd3 28. Bxc6 Rxg3 29. Bxa8 Re3 30. Rd1 g6 31. Bf3 Qf5 32. Rd5 Rxf3 0-1

[Event "Campeonato Absoluto de Gipuzkoa 2011"]
[Site "Donostia"]
[Date "2011.12.03"]
[Round "7"]
[Board "1"]
[White "Beitia Amador-Carrandi, Ernesto"]
[Black "Cantabrana Garona, Alejandro"]
[Result "0-1"]
[WhiteElo "1968"]
[BlackElo "1812"]
[PlyCount "0"]
[EventDate "2011.10.08"]
[EventRounds "7"]
[EventCountry "ESP"]

1. e4 c5 2. Ne2 e6 3. d4 cxd4 4. Nxd4 a6 5. Be2 Nf6 6. Nc3 Qc7 7. O-O Nc6 8.
Be3 Be7 9. f4 d6 10. Qe1 Nxd4 11. Bxd4 e5 12. Be3 O-O 13. Qg3 Kh8 14. Rad1 b5
15. a3 Bb7 16. Bd3 Rad8 17. Qf3 d5 18. fxe5 dxe4 19. Nxe4 Qxe5 20. Bb6 Bxe4 21.
Rde1 Bc5+ 22. Kh1 Bxf3 23. Rxe5 Bxg2+ 24. Kxg2 Bxb6 25. Ref5 Rd5 26. R5f4 Bc7
27. Rh4 Rh5 28. Rxh5 Nxh5 29. Be4 Nf6 30. Bb7 a5 31. Bc6 b4 32. axb4 axb4 33.
Ra1 Be5 34. Ra4 Rc8 35. Ra6 Bxb2 36. Kf3 g6 37. Ke2 Kg7 38. Kd3 Bc3 39. Bb5 Rc7
40. Bc4 Ng4 41. Bb3 Nxh2 42. Ke4 h5 43. Kd5 Rd7+ 44. Kc6 Rd4 45. Ra7 Rf4 46.
Kd6 Ng4 47. Ke7 h4 48. Ke8 Re4+ 49. Kd8 Rf4 50. Ke8 Nh6 51. Bd5 h3 0-1

[Event "Campeonato Absoluto de Gipuzkoa 2011"]
[Site "Donostia"]
[Date "2011.12.03"]
[Round "7"]
[Board "1"]
[White "Fernandez Zubitur, Jokin"]
[Black "Izquierdo Arruferia, Joseba"]
[Result "0-1"]
[WhiteElo "1928"]
[BlackElo "1811"]
[PlyCount "0"]
[EventDate "2011.10.08"]
[EventRounds "7"]
[EventCountry "ESP"]

1. e4 e6 2. Nc3 d5 3. d4 Nf6 4. Bg5 Bb4 5. exd5 exd5 6. Bd3 c5 7. a3 Bxc3+ 8.
bxc3 Qe7+ 9. Qe2 Qxe2+ 10. Bxe2 Ne4 11. Bb5+ Bd7 12. Bxd7+ Nxd7 13. Bd2 O-O-O
14. f3 Nxd2 15. Kxd2 Kc7 16. Nh3 h6 17. Rhe1 Rhe8 18. Nf4 Kd6 19. Nd3 b6 20. a4
Rc8 21. Rxe8 Rxe8 22. a5 b5 23. Rb1 a6 24. dxc5+ Nxc5 25. Nb4 f5 26. h4 h5 27.
Rd1 f4 28. g3 fxg3 29. Rg1 g5 30. Rxg3 gxh4 31. Rg5 Re5 32. Rg6+ Re6 33. Rg8
Re5 34. Rg7 Ne6 35. Rg2 h3 36. Rh2 Ng5 37. f4 Nf3+ 38. Kd3 Nxh2 39. fxe5+ Kxe5
40. Ke3 Nf1+ 41. Kf3 h4 42. Nxa6 Nd2+ 43. Kf2 Kf4 44. Nc5 Ne4+ 45. Nxe4 dxe4
46. a6 e3+ 47. Kg1 e2 0-1

[Event "Campeonato Absoluto de Gipuzkoa 2011"]
[Site "Donostia"]
[Date "2011.12.03"]
[Round "7"]
[Board "1"]
[White "Ezkerro Hernandez, Pablo"]
[Black "Sanchez Ruesga, Hector"]
[Result "0-1"]
[WhiteElo "1686"]
[BlackElo "1897"]
[PlyCount "0"]
[EventDate "2011.10.08"]
[EventRounds "7"]
[EventCountry "ESP"]

1. e4 c5 2. Nf3 Nc6 3. d4 cxd4 4. Nxd4 Qb6 5. Nb3 Nf6 6. Nc3 e6 7. Be3 Qc7 8.
f3 Bb4 9. Qd2 d5 10. a3 Bxc3 11. Qxc3 dxe4 12. fxe4 Qe5 13. Qxe5 Nxe5 14. Bd4
Nc6 15. Bc3 O-O 16. Bd3 e5 17. O-O-O Bg4 18. Rd2 Rac8 19. Na5 Nxa5 20. Bxa5 Nd7
21. Bb5 Nc5 22. Re1 Nb3+ 0-1